Statistics for Australian birds by picture

Click here to take the quiz!

General Stats

  • This quiz has been taken 100 times
  • The average score is 8 of 15

Answer Stats

Answer % Correct
Emu
95%
Pelican
90%
Cassowary
89%
Kookaburra
83%
Magpie
81%
Cockatoo
80%
Lyrebird
51%
Galah
49%
Rainbow lorikeet
37%
Fairy penguin
36%
Plover
32%
Butcherbird
27%
Willy wagtail
18%
Peewee
17%
Noisy miner
15%

Score Distribution

Percentile by Number Answered

Percent of People with Each Score

Your Score History

You have not taken this quiz